| 000 | 01966nam0a2200397 4500 | ||
|---|---|---|---|
| 001 | RU\NLR\bibl\1279136 | ||
| 005 | 20260409075648.0 | ||
| 010 |
_a978-5-93878-722-3 _94000 |
||
| 021 |
_aRU _b2008-62944 _93570 |
||
| 035 | _a(nilc)IZD\AST\2007\844234 | ||
| 035 | _a(NLR Aleph) 001264927 | ||
| 090 |
_a402597 _c402597 |
||
| 100 | _a20080813d2008 |||y0rusy50 ca | ||
| 101 | 1 |
_arus _ceng |
|
| 102 | _aRU | ||
| 105 | _ay ||||||||| | ||
| 200 | 1 |
_aВоспитай меня успешным! _e4 привычки, которые родитель обязан привить своему ребенку, чтобы в будущем он стал счастливым и богатым. Как это сделать? _fАндреа Паттен, Гарри Паттен _g[пер. с англ.: Бродоцкая А., Полищук В.] |
|
| 210 |
_aСанкт-Петербург _cПрайм-ЕВРОЗНАК _d2008 |
||
| 215 |
_a244, [1] с. _d21 |
||
| 225 | 1 | _aГлавная книга родителя | |
| 606 | 1 |
_aУспех _jПопулярные издания _xСоциально-психологические исследования _92074287 _3RU\NLR\auth\661249276 |
|
| 606 |
_aСемейное воспитание _jПопулярные издания _3RU\NLR\auth\661492311 _92518001 |
||
| 686 |
_a048 _aСемейное воспитание. Педагогика семейного воспитания _2TCC-BG |
||
| 686 |
_a0483 _aПедагогическое просвещение родителей _2TCC-BG |
||
| 686 |
_a00130 _aДетская психология _2TCC-BG |
||
| 686 | _aС550.354я9 | ||
| 686 | _aЧ491я9 | ||
| 700 | 1 |
_aПаттен _bА. _gАндреа _4070 |
|
| 701 | 1 |
_aПаттен _bГ. _gГарри _4070 |
|
| 801 | 0 |
_aRU _bЛИБНЕТ _c20080813 |
|
| 801 | 1 |
_aRU _bЦУНБ Москва _c20080828 _2rusmarc |
|
| 801 | 2 |
_aRU _bNLR _c20081001 _grcr |
|
| 830 | _aпо кн | ||
| 942 | _cBOOK | ||
| 980 | _aNB | ||